00680 2200241 4500001002100000005001700021008004100038035002400079082001100103090002100114100002300135245009400158250001100252260002800263300003000291650003800321700001700359700001100376850001500387980001500402985000600417999001500423YOGYA-0209000003559120090227025028.0 ind  0010-020900000035591 a155.53 a155.53bPan SlT aPangkahila, Wimpie aSeksualitas anak dan remajacWimpie Pangkahila ; editor, Djony Herfan ; ilustrasi, Martin aCet. 1 aJakartabGrasindoc1998 aviii, 88 hlmbilusc18 cm aPsikologi remajaxSeks dan remaja aHerfan, Jony aMartin aYOPDYOG(B) a04-10-2006 a1 a00P0003155